| 000 | 00461nam a2200193Ia 4500 | ||
|---|---|---|---|
| 005 | 20250603145735.0 | ||
| 008 | 250603s9999 xx 000 0 und d | ||
| 020 | _a9780470031469 | ||
| 050 | _aQA 76.758 .V55/ | ||
| 100 | _aVliet, Hans Van. | ||
| 245 | 0 | _aSoftware engineering : principles and practice | |
| 250 | _a3rd ed. | ||
| 260 | _aUnited State | ||
| 260 | _bWiley | ||
| 260 | _c2007 | ||
| 300 | _a552 p | ||
| 650 | _aUnited State | ||
| 942 | _cBK | ||
| 999 |
_c42715 _d42715 |
||